[Event "Euro Online U2300 Day 1"]
[Site "chess.com INT"]
[Date "2020.05.25"]
[Round "6"]
[White "Berin, Artem"]
[Black "Erdogan, Anil Berk"]
[Result "0-1"]
[BlackTitle "CM"]
[WhiteElo "1881"]
[BlackElo "2155"]
[WhiteFideId "14189100"]
[BlackFideId "6348173"]
[EventDate "2020.05.25"]

1. d4 Nf6 2. c4 c5 3. d5 e6 4. Nc3 exd5 5. cxd5 d6 6. Bf4 a6 7. a4 g6 8. Nf3 Bg7
9. e3 O-O 10. Bc4 Bg4 11. O-O Qe7 12. h3 Bxf3 13. Qxf3 Nbd7 14. Qe2 Nh5 15. Bh2
f5 16. a5 Ne5 17. Rae1 Rae8 18. Kh1 f4 19. exf4 Nxf4 20. Bxf4 Rxf4 21. Ba2 Ref8
22. f3 Qd7 23. Ne4 Nxf3 24. gxf3 Rxe4 25. Qxe4 Qxh3+ 26. Kg1 Bd4+ 27. Re3 Bxe3+
28. Qxe3 Qg3+ 29. Kh1 Rf4 30. Qe8+ Kg7 31. Qe7+ Kh6 32. Qe3 Kh5 33. Qxf4 Qxf4
34. Rf2 Kh6 35. Kg2 Qa4 36. b3 Qxa5 37. Kh2 Qd8 38. f4 b5 39. Kg3 Qf6 40. Kg4
Kg7 41. Rd2 Qf5+ 42. Kg3 h5 43. b4 Qg4+ 44. Kf2 Qxf4+ 45. Ke2 cxb4 46. Bb1 b3
47. Kd3 a5 48. Kc3 Qb4+ 49. Kd3 Qc4+ 50. Ke3 a4 51. Bd3 Qc5+ 52. Ke2 Qxd5 53.
Bb1 Qe5+ 54. Kd3 a3 55. Re2 Qxe2+ 56. Kxe2 a2 57. Bxa2 bxa2 0-1

[Event "Euro Online U2300 Day 1"]
[Site "chess.com INT"]
[Date "2020.05.25"]
[Round "6"]
[White "Kopylov, Daniel"]
[Black "Dmitrenko, Viktor"]
[Result "0-1"]
[BlackTitle "IM"]
[WhiteElo "2348"]
[BlackElo "2456"]
[WhiteFideId "12921971"]
[BlackFideId "14110270"]
[EventDate "2020.05.25"]

1. e4 e6 2. d4 d5 3. exd5 exd5 4. Nf3 c5 5. Bb5+ Nc6 6. O-O Bd6 7. Re1+ Ne7 8.
c4 O-O 9. cxd5 Nxd5 10. Bxc6 bxc6 11. Nc3 Bg4 12. Nxd5 cxd5 13. dxc5 Bxc5 14. h3
Bf5 15. Be3 Bb4 16. Bd2 Bc5 17. Bc3 Qb6 18. Bd4 Rab8 19. b3 Be4 20. Bxc5 Qxc5
21. Qd4 Qa5 22. Ne5 Rbc8 23. Re3 Rc2 24. Rg3 Rd2 25. Qe3 Rxa2 26. Rxa2 Qxa2 27.
Qg5 Bg6 28. Nxg6 hxg6 29. Qxd5 a5 30. Rxg6 Qb1+ 0-1

[Event "Euro Online U2300 Day 1"]
[Site "chess.com INT"]
[Date "2020.05.25"]
[Round "6"]
[White "Papadopoulos, Georgios3"]
[Black "Ismayilov, Firuz"]
[Result "0-1"]
[WhiteElo "2347"]
[BlackElo "1590"]
[WhiteFideId "4210271"]
[BlackFideId "13416561"]
[EventDate "2020.05.25"]

1. d4 d6 2. e4 g6 3. Nc3 Bg7 4. Be3 c6 5. Qd2 b5 6. Bd3 a6 7. Nf3 Nd7 8. O-O e5
9. a4 Bb7 10. Ne2 Ngf6 11. Bh6 O-O 12. c3 Qe7 13. Ng3 Bxh6 14. Qxh6 Ng4 15. Qd2
c5 16. axb5 axb5 17. Bxb5 cxd4 18. cxd4 exd4 19. Bxd7 Qxd7 20. Qxd4 Qb5 21. Rxa8
Rxa8 22. Qxd6 Qxb2 23. h3 Nf6 24. Qf4 Ra4 25. Rd1 Bxe4 26. Ne5 Kg7 27. Rd7 Qa1+
28. Kh2 Bd5 29. Nf5+ Kh8 30. Rd8+ Ng8 31. Nh6 f5 32. Qg3 f4 33. Nxg6+ hxg6 34.
Qxg6 Qg7 35. Qh5 Qxg2# 0-1

[Event "Euro Online U2300 Day 1"]
[Site "chess.com INT"]
[Date "2020.05.25"]
[Round "6"]
[White "Pogorelskikh, Sergey"]
[Black "Caglar, Ahmet Ata"]
[Result "0-1"]
[WhiteTitle "FM"]
[WhiteElo "2218"]
[BlackElo "2077"]
[WhiteFideId "4187024"]
[BlackFideId "6328636"]
[EventDate "2020.05.25"]

1. e4 c5 2. Nf3 Nc6 3. d4 cxd4 4. Nxd4 e5 5. Nb5 d6 6. N1c3 a6 7. Na3 b5 8. Nd5
Nge7 9. c4 Nd4 10. Bd3 Nxd5 11. cxd5 Be7 12. O-O O-O 13. Be3 Bd7 14. f4 Rc8 15.
Kh1 f5 16. Bxd4 exd4 17. e5 Rc5 18. Qf3 dxe5 19. fxe5 Bc8 20. d6 Bg5 21. Nc2
Rxe5 22. Rae1 Qxd6 23. Rxe5 Qxe5 24. Re1 Qd6 25. Qf2 Bb7 26. Nxd4 Bf6 27. Qxf5
g6 28. Qe6+ Qxe6 29. Nxe6 Re8 30. Re2 Bd5 31. Nc7 Rc8 32. Rc2 Bxa2 33. Nxa6 Rxc2
34. Bxc2 Bxb2 35. Bd3 Bc4 36. Bxc4+ bxc4 37. Nb4 Bd4 38. Nc2 Bc5 39. g4 Kf7 40.
Kg2 Kf6 41. Kf3 Ke5 42. h3 g5 43. Ke2 Kf4 44. Ne1 Kg3 45. Nf3 h6 46. Ne5 Kxh3
47. Nxc4 Kxg4 48. Kf1 Kh3 49. Ne5 h5 50. Nf7 g4 51. Ng5+ Kh2 52. Ne6 Be3 53. Ng7
g3 54. Nf5 g2+ 0-1

[Event "Euro Online U2300 Day 1"]
[Site "chess.com INT"]
[Date "2020.05.25"]
[Round "6"]
[White "Khodko, Yurii N."]
[Black "Iustin, Silviu"]
[Result "1/2-1/2"]
[WhiteElo "2048"]
[BlackElo "1998"]
[WhiteFideId "24264717"]
[BlackFideId "1237071"]
[EventDate "2020.05.25"]

1. e4 e6 2. d4 d5 3. e5 c5 4. Qg4 Ne7 5. Nf3 Nbc6 6. Bd3 Nf5 7. Bxf5 exf5 8. Qg3
cxd4 9. Nbd2 Be6 10. O-O h6 11. h4 g6 12. Nb3 Be7 13. Nbxd4 Nxd4 14. Nxd4 g5 15.
h5 Qb6 16. Qd3 f4 17. b3 Rc8 18. Bb2 Bc5 19. Rad1 Bxd4 20. Bxd4 Qc6 21. c3 b6
22. a4 Ke7 23. Rfe1 Bg4 24. Ra1 Bxh5 25. e6 Bg6 26. Qa6 f6 27. Qxa7+ Rc7 28.
Qxb6 Qxb6 29. Bxb6 Rxc3 30. b4 h5 31. Bc5+ Ke8 32. Bd4 Rc4 33. Bxf6 Rf8 34. Be5
f3 35. a5 fxg2 36. a6 Be4 37. Bd6 Rc8 38. a7 Ra8 39. b5 Rf3 40. Re3 Rxe3 41.
fxe3 d4 42. Bb8 d3 43. Rd1 Ke7 44. b6 Kxe6 45. Rb1 Bb7 46. Kf2 h4 47. Rb3 g4 48.
Rxd3 g3+ 49. Kg1 h3 50. Bxg3 Rc8 1/2-1/2

[Event "Euro Online U2300 Day 1"]
[Site "chess.com INT"]
[Date "2020.05.25"]
[Round "6"]
[White "Pauly, Carlo"]
[Black "Injac, Teodora"]
[Result "0-1"]
[WhiteTitle "FM"]
[BlackTitle "WIM"]
[WhiteElo "2277"]
[BlackElo "2286"]
[WhiteFideId "24673269"]
[BlackFideId "932400"]
[EventDate "2020.05.25"]

1. d4 Nf6 2. c4 g6 3. f3 Bg7 4. e4 d6 5. Nc3 O-O 6. Nge2 a6 7. Be3 Nbd7 8. Ng3
c5 9. d5 Ne5 10. h3 b5 11. cxb5 axb5 12. Bxb5 Ba6 13. Bxa6 Rxa6 14. Qe2 Rb6 15.
O-O Qb8 16. b3 h5 17. Rac1 Ned7 18. f4 Rb4 19. e5 dxe5 20. f5 h4 21. Nh1 e4 22.
fxg6 fxg6 23. Nf2 Ne5 24. Kh1 Ned7 25. Qa6 Kh7 26. Qe2 Nh5 27. Nfxe4 Bxc3 28.
Rxf8 Nxf8 29. Qg4 Rxe4 30. Qg5 Ng3+ 31. Kg1 Ne2+ 32. Kh1 Nxc1 33. d6 Qxd6 34.
Qh6+ Kg8 0-1

[Event "Euro Online U2300 Day 1"]
[Site "chess.com INT"]
[Date "2020.05.25"]
[Round "6"]
[White "Bruil, Rembrandt"]
[Black "Ghimpu, Samuel-Timotei"]
[Result "1-0"]
[WhiteTitle "CM"]
[BlackTitle "FM"]
[WhiteElo "2105"]
[BlackElo "2302"]
[WhiteFideId "1053590"]
[BlackFideId "1238175"]
[EventDate "2020.05.25"]

1. g3 Nf6 2. Bg2 d5 3. d3 e5 4. c3 Bd6 5. Bg5 c6 6. Nd2 h6 7. Bxf6 Qxf6 8. Ngf3
O-O 9. O-O Nd7 10. e4 Nb6 11. Re1 Re8 12. a4 Be6 13. d4 Bg4 14. Qc2 exd4 15.
cxd4 Bxf3 16. e5 Qg6 17. Qxg6 fxg6 18. Nxf3 Bb4 19. Rec1 a5 20. Bf1 Nd7 21. Bd3
Kf7 22. Nh4 Nf8 23. f4 Bd2 24. Rd1 Be3+ 25. Kg2 g5 26. Nf5 gxf4 27. Nd6+ Ke7 28.
Nxe8 Rxe8 29. gxf4 Bxf4 30. b4 Ne6 31. bxa5 Ra8 32. Rab1 Nxd4 33. Rxb7+ Ke6 34.
a6 Bxe5 35. Rdb1 Bc7 1-0

[Event "Euro Online U2300 Day 1"]
[Site "chess.com INT"]
[Date "2020.05.25"]
[Round "6"]
[White "Lahdelma, Henri"]
[Black "Papakonstantinou, Dimitrios1"]
[Result "0-1"]
[WhiteElo "2264"]
[BlackElo "2250"]
[WhiteFideId "510394"]
[BlackFideId "4218655"]
[EventDate "2020.05.25"]

1. d4 Nf6 2. c4 g6 3. Nc3 Bg7 4. e4 d6 5. Nf3 O-O 6. Be2 e5 7. O-O Na6 8. Bg5 h6
9. Bh4 Qe8 10. d5 Nh5 11. Re1 Bd7 12. Nd2 Nf4 13. Bf1 f5 14. f3 Qf7 15. Rb1 g5
16. Bf2 g4 17. exf5 Bxf5 18. Nce4 Qg6 19. Qb3 gxf3 20. g3 b6 21. Qxf3 Nc5 22.
Bxc5 bxc5 23. Qe3 h5 24. Kh1 Nh3 25. Bg2 Bh6 26. Qe2 Bg4 27. Qd3 Bf5 28. Qe2 h4
29. Ra1 hxg3 30. Nxg3 Bg4 31. Bf3 Bxd2 32. Bxg4 Nf2+ 33. Kg2 Qxg4 34. Qxd2 Qf3+
35. Kg1 Nh3# 0-1

[Event "Euro Online U2300 Day 1"]
[Site "chess.com INT"]
[Date "2020.05.25"]
[Round "6"]
[White "Khachatryan, Anna"]
[Black "Taspinar, Yanki"]
[Result "1-0"]
[WhiteTitle "WFM"]
[BlackTitle "CM"]
[WhiteElo "2071"]
[BlackElo "2178"]
[WhiteFideId "13310780"]
[BlackFideId "34561188"]
[EventDate "2020.05.25"]

1. Nf3 d5 2. d4 e6 3. c4 c6 4. Nc3 dxc4 5. e3 b5 6. a4 Bb4 7. Bd2 a5 8. axb5
Bxc3 9. Bxc3 cxb5 10. b3 Bb7 11. bxc4 b4 12. Bb2 Nf6 13. Be2 Nbd7 14. O-O Qc7
15. Nd2 O-O 16. f3 Rfb8 17. Bd3 Bc6 18. Bc2 Ra7 19. e4 e5 20. f4 exd4 21. e5 Qb6
22. Kh1 Ne8 23. Nf3 b3 24. Bb1 Nc5 25. Nxd4 Rd8 26. Qg4 Ne4 27. Bxe4 Bxe4 28. f5
Rxd4 29. Bxd4 Qxd4 30. Rae1 Bxg2+ 31. Qxg2 Qxc4 32. e6 f6 33. Rc1 Qb5 34. Rc8 a4
35. Rd1 b2 36. Qxb2 Qc6+ 37. Rxc6 1-0

[Event "Euro Online U2300 Day 1"]
[Site "chess.com INT"]
[Date "2020.05.25"]
[Round "6"]
[White "Afanasiev, Dmitry2"]
[Black "Jusic, Zdenko"]
[Result "0-1"]
[BlackTitle "IM"]
[WhiteElo "2175"]
[BlackElo "2254"]
[WhiteFideId "4131347"]
[BlackFideId "14501902"]
[EventDate "2020.05.25"]

1. c4 Nf6 2. Nc3 d6 3. g3 g6 4. Bg2 Bg7 5. Nf3 O-O 6. O-O Nbd7 7. d3 a5 8. Bd2
h6 9. a3 e5 10. Rb1 Nh5 11. b4 axb4 12. axb4 f5 13. b5 g5 14. Ne1 Nc5 15. e3 g4
16. d4 exd4 17. exd4 Bxd4 18. b6 c6 19. Ne2 Be5 20. Bxh6 Rf7 21. Nd3 Rh7 22.
Nxe5 Rxh6 23. Qd2 Qf6 24. Nd3 Nxd3 25. Qxd3 f4 26. Nxf4 Nxf4 27. gxf4 Bf5 28.
Be4 Qh4 29. h3 Bxe4 30. Qxe4 Qxh3 31. Qg2 Qh4 32. Rb3 Rf8 33. Rg3 Rxf4 34. Re1
Rxc4 35. Rge3 Rf4 36. Re8+ Rf8 37. R1e7 Qf6 38. Re6 Qa1+ 39. Re1 Qd4 40. R8e4
Qd2 41. Rxg4+ Kh8 42. Rf1 d5 43. Qg3 Qb2 44. Re1 Rh7 45. Kg2 Rg7 46. Rh1+ Kg8
47. Rhh4 Kf7 48. Qf4+ Kg8 49. Qg3 Kf7 50. Rxg7+ Qxg7 51. Rg4 Qxg4 52. Qxg4 Rg8
53. Qxg8+ Kxg8 54. Kf3 Kf7 55. Ke3 Ke6 56. Kd4 Kd6 57. Ke3 c5 58. f4 Ke6 59. Kf3
Kf5 60. Ke3 Kg4 0-1

[Event "Euro Online U2300 Day 1"]
[Site "chess.com INT"]
[Date "2020.05.25"]
[Round "6"]
[White "Aliyev, Elnur"]
[Black "Kormos, Adam"]
[Result "0-1"]
[WhiteElo "2148"]
[BlackElo "2279"]
[WhiteFideId "13402617"]
[BlackFideId "730483"]
[EventDate "2020.05.25"]

1. d4 d6 2. e4 Nf6 3. Nc3 g6 4. f4 Bg7 5. Nf3 O-O 6. Bd3 Nc6 7. e5 dxe5 8. dxe5
Nd5 9. Nxd5 Qxd5 10. Qe2 Bg4 11. Be4 Qa5+ 12. Bd2 Qb6 13. Bc3 Rad8 14. Qf2 Qb5
15. a4 Qc4 16. Qe2 Qxe2+ 17. Kxe2 f6 18. h3 Bxf3+ 19. Bxf3 fxe5 20. Bxc6 bxc6
21. fxe5 Rd5 22. Rad1 Rf4 23. b3 Bxe5 24. Rxd5 cxd5 25. Bxe5 Re4+ 26. Kd3 Rxe5
27. Kd4 Re2 28. Rc1 Rd2+ 29. Kc5 e5 30. Kc6 e4 31. a5 d4 32. Kb7 e3 33. Kxa7 e2
34. Re1 Rxc2 35. a6 d3 36. Kb7 Ra2 37. a7 d2 38. Rxe2 Rxa7+ 39. Kxa7 d1=Q 40.
Re8+ Kf7 41. Rb8 Qg1+ 42. Kb7 Qxg2+ 43. Kxc7 Qxh3 44. b4 Qc3+ 45. Kd7 Qe5 46.
Rb7 h5 47. Kc6+ Ke6 48. b5 Qc3+ 49. Kb6 h4 50. Rc7 Qb4 51. Kc6 h3 52. b6 h2 53.
Rh7 h1=Q+ 54. Rxh1 Qe4+ 55. Kc7 Qxh1 56. b7 Qxb7+ 57. Kxb7 g5 58. Kc6 g4 59. Kc5
g3 60. Kd4 g2 61. Ke4 g1=Q 0-1

[Event "Euro Online U2300 Day 1"]
[Site "chess.com INT"]
[Date "2020.05.25"]
[Round "6"]
[White "Arakhamia-Grant, Ketevan"]
[Black "Khazieva, Elza"]
[Result "1-0"]
[WhiteTitle "GM"]
[BlackTitle "WFM"]
[WhiteElo "2380"]
[BlackElo "2016"]
[WhiteFideId "13600168"]
[BlackFideId "4100166"]
[EventDate "2020.05.25"]

1. e4 c5 2. Nf3 d6 3. Bb5+ Nd7 4. c3 g6 5. O-O Bg7 6. d4 a6 7. Bd3 e6 8. Bg5 Ne7
9. Nbd2 h6 10. Be3 O-O 11. h3 b5 12. a4 c4 13. Bc2 Bb7 14. b3 Qc7 15. bxc4 bxc4
16. Qe2 Rac8 17. a5 f5 18. exf5 gxf5 19. Bxh6 Bd5 20. Bg5 Nf6 21. Rfe1 Ng6 22.
Ra4 Qc6 23. Rb4 Nh7 24. Rb6 Qc7 25. Qe3 Ra8 26. Reb1 Qd7 27. Bf4 Nxf4 28. Qxf4
Rfd8 29. Nf1 Nf6 30. Ne3 Be4 31. Bxe4 Nxe4 32. Rb7 Qe8 33. Nxc4 Nxc3 34. Rxg7+
Kxg7 35. Rb7+ Rd7 36. Nxd6 Ne2+ 37. Kh2 Nxf4 38. Nxe8+ Rxe8 39. Rxd7+ Kf6 40.
Ne5 Rf8 41. Ra7 Rg8 42. g3 Nd3 43. Nxd3 1-0

[Event "Euro Online U2300 Day 1"]
[Site "chess.com INT"]
[Date "2020.05.25"]
[Round "6"]
[White "Alexakis, Dimitris"]
[Black "Gara, Anita"]
[Result "0-1"]
[WhiteTitle "FM"]
[BlackTitle "IM"]
[WhiteElo "2450"]
[BlackElo "2345"]
[WhiteFideId "4277023"]
[BlackFideId "709751"]
[EventDate "2020.05.25"]

1. e4 c5 2. Nf3 d6 3. d4 cxd4 4. Nxd4 Nf6 5. Nc3 Nc6 6. Bg5 e6 7. Qd3 a6 8.
O-O-O Bd7 9. f4 Be7 10. Be2 Qc7 11. Bf3 h6 12. Bh4 Rc8 13. e5 dxe5 14. Nxc6 e4
15. Nxe4 Bxc6 16. Nxf6+ gxf6 17. Bxc6+ Qxc6 18. Qe2 Qc4 19. Qxc4 Rxc4 20. Rhf1
Rg8 21. g3 b5 22. Rf3 f5 23. Bxe7 Kxe7 24. Rfd3 Rgc8 25. R1d2 R8c7 26. b3 R4c5
27. Rd4 Rc3 28. Kb2 h5 29. a4 h4 30. axb5 axb5 31. R4d3 Rxd3 32. Rxd3 hxg3 33.
hxg3 Rc5 34. c3 f6 35. Ka3 e5 36. Kb4 e4 37. Rd4 Rc8 38. g4 Ke6 39. gxf5+ Kxf5
40. Rd6 e3 41. Rd7 Re8 42. Rd1 e2 43. Re1 Kxf4 44. Kxb5 Kf3 45. c4 Kf2 46. Rh1
e1=Q 47. Rxe1 Kxe1 48. c5 f5 49. c6 f4 50. c7 f3 51. Kc6 f2 52. Kd7 Rh8 53. c8=Q
Rxc8 54. Kxc8 f1=Q 0-1

[Event "Euro Online U2300 Day 1"]
[Site "chess.com INT"]
[Date "2020.05.25"]
[Round "6"]
[White "Shtyka, Sergey"]
[Black "Adamczewski, Maciej"]
[Result "1-0"]
[WhiteTitle "FM"]
[WhiteElo "2175"]
[BlackElo "2045"]
[WhiteFideId "4138465"]
[BlackFideId "1148702"]
[EventDate "2020.05.25"]

1. e4 e6 2. Nf3 d5 3. e5 c5 4. b4 cxb4 5. a3 b3 6. cxb3 Nc6 7. d4 Bd7 8. Bd3 Nh6
9. Bxh6 gxh6 10. O-O Qb6 11. Bc2 Na5 12. Nbd2 Rc8 13. b4 Nc4 14. Nxc4 Rxc4 15.
Bd3 Rc7 16. Qd2 Bg7 17. Rfc1 Rxc1+ 18. Rxc1 Ke7 19. Qf4 Rc8 20. Rxc8 Bxc8 21.
Qc1 Bd7 22. Bxh7 Bb5 23. h4 Be2 24. Qc8 Bxf3 25. gxf3 Qxd4 26. Qxb7+ Ke8 27. Bg8
Qf4 28. Qa8+ Ke7 29. Qxa7+ Kf8 30. Qb8+ Ke7 31. Qc7+ Ke8 32. b5 Qxf3 33. Qc8+
Ke7 34. Qc5+ Ke8 35. Qe3 Qg4+ 36. Kf1 Qd1+ 37. Kg2 Qg4+ 38. Qg3 Qxg3+ 39. fxg3
Bxe5 40. Bh7 Bc7 41. Bd3 Ke7 42. Kf3 Kf6 43. Bc2 Ke5 44. Kg4 Kf6 45. a4 e5 46.
Kh5 Kg7 47. Bb3 d4 48. Bc2 Ba5 49. Kg4 Kf6 50. Kh5 Kg7 51. Kg4 Kf6 52. Kf3 Ke6
53. g4 Bd8 54. Bb3+ Kd6 55. h5 Kc5 56. Ke4 Kb4 57. Bd1 Kc3 58. Kxe5 d3 59. a5
Bxa5 60. g5 hxg5 61. Kd5 f5 62. h6 Kd2 63. h7 Bc3 64. b6 Kxd1 65. b7 d2 66. b8=Q
Kc1 67. Kc4 Bb2 68. Qxb2+ Kxb2 69. h8=Q+ Kc2 70. Qc3+ Kd1 71. Kd3 Ke1 72. Qxd2+ 1-0

[Event "Euro Online U2300 Day 1"]
[Site "chess.com INT"]
[Date "2020.05.25"]
[Round "6"]
[White "Vanek, Tomas"]
[Black "Polczyk, Mikolaj"]
[Result "1-0"]
[WhiteTitle "FM"]
[WhiteElo "2080"]
[BlackElo "2118"]
[WhiteFideId "313459"]
[BlackFideId "1183494"]
[EventDate "2020.05.25"]

1. e4 c5 2. Nf3 Nc6 3. c3 Nf6 4. Bd3 d6 5. O-O Bg4 6. Bc2 Ne5 7. Ba4+ Ned7 8. h3
Bh5 9. g4 Bg6 10. e5 Nd5 11. e6 fxe6 12. Ng5 Nb6 13. Nxe6 Qc8 14. d4 Nxa4 15.
Qxa4 Bf7 16. d5 a6 17. Re1 b5 18. Qf4 Ne5 19. Ng5 Bxd5 20. Rxe5 dxe5 21. Qxe5
Qc6 22. c4 Bh1 23. f3 Bxf3 24. Nc3 Bh1 25. Qe2 h5 26. Ne6 hxg4 27. Bg5 Rxh3 28.
Nd5 Bxd5 29. cxd5 Qb6 30. Qf2 Rf3 31. Qe2 c4+ 32. Kg2 Qd6 33. Bh4 Rh3 34. Qxg4
Qh2+ 35. Kf1 Rxh4 36. Qg6+ Kd7 37. Nc5+ Kd8 38. Qb6+ Ke8 39. Qc6+ Kd8 40. Qd7# 1-0

[Event "Euro Online U2300 Day 1"]
[Site "chess.com INT"]
[Date "2020.05.25"]
[Round "6"]
[White "Skatchkov, Valery"]
[Black "Megalios, Konstantinos"]
[Result "1-0"]
[WhiteTitle "FM"]
[BlackTitle "IM"]
[WhiteElo "2242"]
[BlackElo "2401"]
[WhiteFideId "24195812"]
[BlackFideId "4238044"]
[EventDate "2020.05.25"]

1. d4 Nf6 2. c4 e6 3. Nf3 Bb4+ 4. Nbd2 b6 5. a3 Bxd2+ 6. Qxd2 Bb7 7. g3 O-O 8.
Bg2 a5 9. O-O Be4 10. b3 d6 11. Bb2 Nbd7 12. Rfe1 h6 13. Rad1 Qb8 14. Ne5 Bxg2
15. Nxd7 Nxd7 16. Kxg2 b5 17. c5 Qb7+ 18. e4 f5 19. f3 fxe4 20. fxe4 Rae8 21.
Qc2 Qc6 22. b4 axb4 23. axb4 d5 24. e5 Rf7 25. Rf1 Ref8 26. Bc1 Rxf1 27. Rxf1
Rxf1 28. Kxf1 Nf8 29. Kg2 Qe8 30. c6 Qg6 31. Qc5 Qe4+ 32. Kf2 Qd3 33. Be3 Ng6
34. Qa7 Qc2+ 35. Kf3 Qxc6 36. h4 h5 37. Qb8+ Kh7 38. Qd8 Qc2 39. Qe8 Qe4+ 40.
Ke2 Qg4+ 41. Kf2 Qf5+ 42. Kg2 Qg4 43. Kf2 Qf5+ 44. Kg2 Nf8 45. Qxb5 Qf7 46. Qc6
Qd7 47. Qc5 Ng6 48. Bg5 Nh8 49. Qc2+ Kg8 50. Qd1 Qf7 51. Qc2 Ng6 52. Bd8 Qd7 53.
Qxg6 Qxd8 54. Qxe6+ Kh7 55. Qf7 Qa8 56. Qxh5+ Kg8 57. e6 Qa2+ 58. Kh3 Qf2 59.
Qxd5 Qf1+ 60. Kg4 Qe2+ 61. Kf4 Qf2+ 62. Qf3 Qxd4+ 63. Qe4 Qf2+ 64. Kg4 Kf8 65.
Qf5+ Qxf5+ 66. Kxf5 Ke7 67. g4 Kd6 68. h5 Ke7 69. g5 Kd6 70. h6 gxh6 71. gxh6 1-0

[Event "Euro Online U2300 Day 1"]
[Site "chess.com INT"]
[Date "2020.05.25"]
[Round "6"]
[White "Rama, Lorenc"]
[Black "Babiy, Igor"]
[Result "1/2-1/2"]
[WhiteTitle "FM"]
[WhiteElo "2212"]
[BlackElo "2243"]
[WhiteFideId "4700171"]
[BlackFideId "14136244"]
[EventDate "2020.05.25"]

1. Nf3 d5 2. g3 c6 3. Bg2 Nf6 4. O-O Bf5 5. d3 e6 6. c4 dxc4 7. dxc4 Qxd1 8.
Rxd1 Nbd7 9. Nc3 Bc2 10. Rd2 Bg6 11. Nh4 Bb4 12. Nxg6 hxg6 13. Rc2 a5 14. b3 Ke7
15. Bb2 Rhd8 16. a3 Bd6 17. Rb1 Be5 18. Na4 Bxb2 19. Rbxb2 Ne5 20. Rd2 Rab8 21.
h3 Rxd2 22. Rxd2 Ned7 23. f4 Ne8 24. e4 e5 25. h4 exf4 26. gxf4 Nc7 27. Bh3 Ne6
28. Bxe6 Kxe6 29. Kf2 b5 30. cxb5 cxb5 31. Nc3 b4 32. axb4 Rxb4 33. f5+ gxf5 34.
exf5+ Kxf5 35. Rxd7 Rxb3 36. Rxf7+ Kg6 37. Rc7 Kh5 38. Kg3 a4 39. Rc5+ Kh6 40.
Rc4 a3 41. Kg4 g6 42. Ne4 a2 43. Ra4 Rb4 44. Rxa2 Rxe4+ 45. Kg3 Re3+ 46. Kf4 Rb3 1/2-1/2

[Event "Euro Online U2300 Day 1"]
[Site "chess.com INT"]
[Date "2020.05.25"]
[Round "6"]
[White "Hansen, Lars"]
[Black "Eigminas, Kipras"]
[Result "0-1"]
[WhiteElo "2223"]
[BlackElo "2116"]
[WhiteFideId "1402528"]
[BlackFideId "12808423"]
[EventDate "2020.05.25"]

1. e4 c5 2. Nc3 Nc6 3. f4 g6 4. Nf3 Bg7 5. Bb5 e6 6. Bxc6 dxc6 7. e5 b6 8. Ne4
Bf8 9. d3 Be7 10. O-O Nh6 11. Bd2 Nf5 12. b3 Nd4 13. a4 a5 14. Bc3 b5 15. Qd2 b4
16. Bb2 Qd5 17. Qf2 Nxf3+ 18. Qxf3 h5 19. Kh1 Ba6 20. Rae1 Rd8 21. Bc1 O-O 22.
Be3 f5 23. Nd2 Qxf3 24. Rxf3 Kf7 25. Rff1 Rd5 26. Rd1 Rg8 27. Nc4 Bxc4 28. dxc4
Rxd1 29. Rxd1 Ke8 30. h4 Bf8 31. g3 Rg7 32. Kg2 Rd7 33. Rd2 Rxd2+ 34. Bxd2 Be7
35. Kf3 Kd7 36. c3 Kc7 37. Ke3 Kb7 38. Kd3 Kc7 39. Be3 Kb7 40. Kc2 Bf8 41. cxb4
cxb4 42. c5 Be7 43. Kd3 Ka6 44. Kc4 Bf8 45. Bd2 Be7 46. Be1 Bd8 47. Bxb4 axb4
48. Kxb4 Ba5+ 49. Kc4 Be1 50. b4 Bxg3 51. b5+ cxb5+ 52. axb5+ Kb7 53. Kb4 Bxf4
54. Ka5 Bd2+ 55. Ka4 Bc3 56. Kb3 Bxe5 57. Kc4 Bf6 58. b6 Kc6 59. b7 Kxb7 60. Kb5
Kc7 61. c6 Be7 0-1

[Event "Euro Online U2300 Day 1"]
[Site "chess.com INT"]
[Date "2020.05.25"]
[Round "6"]
[White "Sergeev, Nikita S."]
[Black "Reizniece-Ozola, Dana"]
[Result "1-0"]
[BlackTitle "WGM"]
[WhiteElo "1335"]
[BlackElo "2311"]
[WhiteFideId "34253670"]
[BlackFideId "11601124"]
[EventDate "2020.05.25"]

1. d4 Nf6 2. c4 g6 3. Nc3 Bg7 4. e4 d6 5. f3 O-O 6. Be3 a6 7. Qd2 Nbd7 8. Bd3 c5
9. d5 Ne5 10. Nge2 Rb8 11. a4 Bd7 12. O-O b5 13. axb5 axb5 14. Nxb5 Bxb5 15.
cxb5 c4 16. Bc2 Rxb5 17. Rfb1 Qb8 18. Ba4 Rb4 19. Bd4 Nd3 20. Qe3 Nxb2 21. Bc3
Rb7 22. Bc6 Rb3 23. Ra8 Qxa8 24. Bxa8 Na4 25. Rxb3 cxb3 26. Bc6 b2 27. Qd3 Nxc3
28. Nxc3 Rb8 29. Nb1 h5 30. Kf2 h4 31. Ke2 Nh5 32. Kd2 Nf4 33. Qf1 Be5 34. Kc2
Kg7 35. g3 hxg3 36. hxg3 Nh5 37. f4 Bf6 38. g4 Ng3 39. Qf3 Bh4 40. g5 f6 41.
gxf6+ Kxf6 42. Qg4 Rh8 43. Kxb2 Kg7 44. Nd2 Bf6+ 45. Kc2 Nh1 46. Nf3 Nf2 47. Qe6
Rb8 48. e5 dxe5 49. fxe5 1-0

[Event "Euro Online U2300 Day 1"]
[Site "chess.com INT"]
[Date "2020.05.25"]
[Round "6"]
[White "Kuhn, Clement"]
[Black "Klykow, Lukasz"]
[Result "0-1"]
[WhiteTitle "CM"]
[WhiteElo "2150"]
[BlackElo "2197"]
[WhiteFideId "36099775"]
[BlackFideId "1106767"]
[EventDate "2020.05.25"]

1. e4 e5 2. Nf3 Nc6 3. d4 exd4 4. Bc4 Nf6 5. e5 d5 6. Bb5 Ne4 7. Nxd4 Bd7 8.
Bxc6 bxc6 9. O-O Bc5 10. f3 Ng5 11. f4 Ne4 12. Be3 Bb6 13. Nd2 Nxd2 14. Qxd2 c5
15. Nf3 Bf5 16. c3 O-O 17. a4 a5 18. Rad1 c6 19. Qf2 Qe7 20. h3 Rfd8 21. g4 Be4
22. Ng5 f5 23. exf6 gxf6 24. Nxe4 Qxe4 25. Bxc5 Bxc5 26. Qxc5 Qxa4 27. Rd2 Qe4
28. Rg2 d4 29. Qh5 Rd5 30. f5 d3 31. g5 Qe3+ 32. Kh1 fxg5 33. f6 d2 34. Qh6 Ra7
35. Qh5 Rf7 36. Kh2 Qe5+ 37. Kh1 Qe3 38. Kh2 Qe5+ 39. Kh1 Rxf6 40. Rxf6 Qxf6 41.
Qe8+ Kg7 42. Rxd2 Rxd2 43. Qe1 Qf3+ 0-1

[Event "Euro Online U2300 Day 1"]
[Site "chess.com INT"]
[Date "2020.05.25"]
[Round "6"]
[White "Hansch, Torsten"]
[Black "Bruessow, Jakob"]
[Result "0-1"]
[WhiteTitle "CM"]
[WhiteElo "2075"]
[BlackElo "1739"]
[WhiteFideId "4622600"]
[BlackFideId "1340522"]
[EventDate "2020.05.25"]

1. d4 Nf6 2. c4 g6 3. Nc3 Bg7 4. e4 d6 5. f3 O-O 6. Be3 c5 7. Nge2 Nc6 8. d5 Ne5
9. Ng3 e6 10. Be2 exd5 11. cxd5 a6 12. a4 b6 13. O-O h5 14. Qd2 c4 15. Rac1 Bd7
16. Rfe1 b5 17. axb5 axb5 18. Nf1 Kh7 19. h3 Be8 20. f4 Ned7 21. Bf3 Qb8 22. Bd4
Ra6 23. Ra1 Rxa1 24. Rxa1 Nc5 25. Bxc5 dxc5 26. e5 Nd7 27. Ne4 Qb6 28. Kh1 Bh6
29. Qa5 Bxf4 30. Qxb6 Nxb6 31. Nxc5 Bxe5 32. Ra6 Nd7 33. Nxd7 Bxd7 34. Ra7 Rd8
35. Ra2 b4 36. Be2 c3 37. bxc3 bxc3 38. Ne3 Rc8 39. Nc2 Bf5 40. Bd1 Rd8 41. Ra5
Be6 42. Ne3 Bc8 43. Bc2 Bb7 44. Nc4 Bg7 45. Be4 f5 46. Bf3 Kh6 47. Kg1 Bxd5 48.
Bxd5 c2 49. Bf7 c1=Q+ 50. Kh2 Qf4+ 0-1